000 00672nam a2200205 i 4500
001 21873
003 ES-MaACL
005 20231204171248.0
007 t|
008 021128s1913 sp ||||1| spa d
100 1 _aAlemán, Mateo.
_919715
245 1 0 _aPrimera parte de Guzmán de Alfareche /
_ccompuesta por Mateo Alemán ; edición transcrita y revisada por Julio Cejador.
260 _aMadrid :
_bRenacimiento,
_c[1913]
300 _a375 p. ;
_c18 cm.
490 1 _aBiblioteca renacimiento
700 1 _aCejador y Frauca, Julio,
_d1864-1927
_937333
830 0 _aBiblioteca renacimiento
_9176448
852 _aES-MaACL
_jG-490
999 _c21873
_d21873